| 000 | 00773nam a2200193 i 4500 | ||
|---|---|---|---|
| 001 | 142328 | ||
| 003 | ES-MaACL | ||
| 005 | 20230906200509.0 | ||
| 007 | t| | ||
| 008 | 071004s1964 sp ||||1| spa d | ||
| 100 | 1 |
_aVila-Coro de Nadal, José María. _9114717 |
|
| 245 | 1 | 3 |
_aEl mercado común europeo y el desarrollo económico español _b: conferencia pronunciada el día 16 de abril de 1963, en el "Curso sobre el desarrollo económico y social de España" / _cJosé María Vila Coro de Nadal. |
| 260 |
_aMadrid : _b[s.n.], _c1964 ( _fGráfs. Uguina) |
||
| 300 |
_a26 p. ; _c27 cm. |
||
| 610 | 2 | 4 |
_aComunidad Económica Europea. _93130 |
| 852 |
_aES-MaACL _j2039-F-31 _bR.55121 |
||
| 852 |
_aES-MaACL _j2039-F-32 _bR.55122 |
||
| 852 |
_aES-MaACL _j2039-F-33 _bR.55123 |
||
| 999 |
_c142328 _d142328 |
||